300 Dígitos de Pi - Statistics

Estatísticas Gerais
  • Esse quiz foi jogado 288 vezes
  • A pontuação média é 52 de 300
Estatísticas das Respostas
Boa Sorte! % Correto
1
100%
4
98%
1
95%
5
94%
2
93%
9
93%
3
92%
5
92%
6
92%
5
90%
7
90%
8
90%
9
90%
2
88%
3
88%
3
88%
9
88%
8
87%
4
86%
6
86%
2
84%
6
84%
3
80%
4
80%
3
79%
3
78%
8
78%
2
76%
7
72%
9
71%
5
70%
0
69%
2
69%
8
67%
8
66%
1
65%
4
65%
7
62%
9
62%
1
59%
6
58%
9
56%
3
52%
9
52%
3
51%
7
51%
9
51%
1
50%
5
50%
0
42%
2
36%
5
36%
8
36%
0
35%
9
35%
7
31%
4
30%
4
29%
4
29%
9
29%
5
26%
9
24%
0
22%
2
22%
3
22%
7
21%
8
21%
1
20%
4
20%
6
20%
0
19%
2
17%
6
17%
8
17%
2
16%
6
16%
0
15%
8
15%
9
15%
9
15%
2
14%
6
14%
8
14%
8
14%
0
13%
0
13%
1
13%
1
13%
2
13%
2
13%
3
13%
3
13%
4
13%
4
13%
5
13%
6
13%
7
13%
7
13%
8
13%
9
9%
1
8%
2
8%
4
8%
8
8%
8
8%
0
7%
1
7%
2
7%
2
7%
3
7%
5
7%
6
7%
8
7%
8
7%
0
6%
3
6%
6
6%
0
5%
4
5%
6
5%
7
5%
9
5%
0
3%
0
3%
1
3%
2
3%
2
3%
2
3%
3
3%
3
3%
3
3%
4
3%
4
3%
5
3%
5
3%
5
3%
5
3%
5
3%
6
3%
7
3%
8
3%
8
3%
9
3%
9
3%
0
2%
0
2%
0
2%
0
2%
0
2%
0
2%
0
2%
1
2%
1
2%
1
2%
1
2%
1
2%
1
2%
1
2%
1
2%
1
2%
1
2%
2
2%
2
2%
2
2%
2
2%
2
2%
2
2%
2
2%
3
2%
3
2%
3
2%
4
2%
4
2%
4
2%
4
2%
4
2%
4
2%
4
2%
4
2%
4
2%
4
2%
5
2%
5
2%
5
2%
5
2%
5
2%
5
2%
5
2%
5
2%
6
2%
6
2%
6
2%
6
2%
6
2%
7
2%
7
2%
7
2%
8
2%
8
2%
8
2%
8
2%
8
2%
8
2%
8
2%
8
2%
8
2%
9
2%
9
2%
9
2%
9
2%
9
2%
9
2%
9
2%
9
2%
0
1%
0
1%
0
1%
0
1%
0
1%
0
1%
1
1%
1
1%
1
1%
1
1%
1
1%
1
1%
1
1%
1
1%
1
1%
2
1%
2
1%
2
1%
2
1%
2
1%
2
1%
2
1%
2
1%
2
1%
2
1%
3
1%
3
1%
3
1%
3
1%
3
1%
3
1%
3
1%
3
1%
3
1%
3
1%
3
1%
3
1%
4
1%
4
1%
4
1%
4
1%
4
1%
4
1%
4
1%
4
1%
4
1%
4
1%
4
1%
4
1%
4
1%
5
1%
5
1%
5
1%
5
1%
5
1%
6
1%
6
1%
6
1%
6
1%
6
1%
6
1%
6
1%
6
1%
6
1%
6
1%
6
1%
6
1%
6
1%
7
1%
7
1%
7
1%
7
1%
7
1%
7
1%
8
1%
8
1%
8
1%
8
1%
8
1%
8
1%
8
1%
9
1%
9
1%
9
1%
9
1%
9
1%
Nenhum quiz correspondente encontrado
Distribuição das Pontuações
Porcentagem de Pessoas com Cada Pontuação
Percentil de Números Respondidos
Sua Pontuação Histórica
Você não jogou esse quiz